Chillers: the Blob (Record no. 9126)

MARC details
000 -LEADER
fixed length control field 00731nam a22002177a 4500
003 - CONTROL NUMBER IDENTIFIER
control field OSt
005 - DATE AND TIME OF LATEST TRANSACTION
control field 20260316011810.0
008 - FIXED-LENGTH DATA ELEMENTS--GENERAL INFORMATION
fixed length control field 260316b |||||||| |||| 00| 0 eng d
020 ## - INTERNATIONAL STANDARD BOOK NUMBER
International Standard Book Number 0-7136-4049-9
040 ## - CATALOGING SOURCE
Original cataloging agency DWCL GS lib
Transcribing agency OC
082 ## - DEWEY DECIMAL CLASSIFICATION NUMBER
Classification number P855c 1994
100 ## - MAIN ENTRY--PERSONAL NAME
Personal name POTTER, TESSA
245 ## - TITLE STATEMENT
Title Chillers: the Blob
Statement of responsibility, etc. TESSA POTTER
260 ## - PUBLICATION, DISTRIBUTION, ETC.
Place of publication, distribution, etc. London
Name of publisher, distributor, etc. A& C Black
Date of publication, distribution, etc. 1994
300 ## - PHYSICAL DESCRIPTION
Extent 64 p
Dimensions 20 cm
520 ## - SUMMARY, ETC.
Summary, etc. a carnivorous, amoeboid alien crashes to Earth in a meteorite.
650 ## - SUBJECT ADDED ENTRY--TOPICAL TERM
Topical term or geographic name entry element 15 to 30 years, depending on the type of chiller and its maintenance regime.
650 ## - SUBJECT ADDED ENTRY--TOPICAL TERM
Topical term or geographic name entry element the moral lessons focus on the consequences of curiosity and the dangers of ignoring warnings.
700 ## - ADDED ENTRY--PERSONAL NAME
Personal name TESSA POTTER
942 ## - ADDED ENTRY ELEMENTS (KOHA)
Source of classification or shelving scheme Dewey Decimal Classification
Koha item type Fiction
Suppress in OPAC No

No items available.